LIBRARY & INFORMATION CENTRE, KCAET, TAVANUR

ONLINE PUBLIC ACCESS CATALOGUE (OPAC)

Hridayagaveshanam / | ഹൃദയഗവേഷണം (Record no. 19490)

MARC details
000 -LEADER
fixed length control field 00406nam a22001577a 4500
003 - CONTROL NUMBER IDENTIFIER
control field OSt
008 - FIXED-LENGTH DATA ELEMENTS--GENERAL INFORMATION
fixed length control field 250902b |||||||| |||| 00| 0 eng d
041 ## - LANGUAGE CODE
Language code of text/sound track or separate title eng
082 ## - DEWEY DECIMAL CLASSIFICATION NUMBER
Classification number 894.8121
Item number SEE/HR
100 ## - MAIN ENTRY--AUTHOR NAME
Personal name Seema, T. N
245 ## - TITLE STATEMENT
Title Hridayagaveshanam /
Remainder of title ഹൃദയഗവേഷണം
260 ## - PUBLICATION, DISTRIBUTION, ETC. (IMPRINT)
Place of publication Thiruvananthapuram :
Name of publisher Mythri Books,
Year of publication 2012.
300 ## - PHYSICAL DESCRIPTION
Number of Pages 50 p.
650 ## - SUBJECT ADDED ENTRY--TOPICAL TERM
Topical Term Poem
942 ## - ADDED ENTRY ELEMENTS (KOHA)
Koha item type Books
Holdings
Withdrawn status Lost status Damaged status Home library Current library Date acquired Source of acquisition Cost, normal purchase price Full call number Accession Number Koha item type
      KAUAET KAUAET 02/09/2025 Donated by KT Jaleel MLA 40.00 894.8121 SEE/HR 26317 Books
free website counter